Manual técnico de la fijación simbiótica del nitrógeno, leguminosa/rhizobium.
Guardado en:
| Formato: | Libro |
|---|---|
| Idioma: | Spanish |
| Publicado: |
Roma.
|
| Edición: | 2.ed. |
| Materias: | |
| Etiquetas: |
Agregar Etiqueta
Sin Etiquetas, Sea el primero en etiquetar este registro!
|
| LEADER | 00572nam a22001935a 4500 | ||
|---|---|---|---|
| 001 | EEA.libagro005241 | ||
| 005 | 20180928101510.0 | ||
| 008 | 130809s1995####it#a##########000#0#spa#d | ||
| 020 | |z 92-5-303199-9 | ||
| 082 | 0 | 4 | |a 631.847 |
| 110 | 2 | |c Roma. | |
| 245 | 1 | 0 | |a Manual técnico de la fijación simbiótica del nitrógeno, leguminosa/rhizobium. |
| 250 | |a 2.ed. | ||
| 260 | |a Roma. | ||
| 300 | |a Pag. var. : |b ilus. ; |c 22 cm. | ||
| 500 | |a Encarpetado | ||
| 653 | |a Bacterias | ||
| 653 | |a Bacteria fijadora del nitrogeno | ||
| 859 | |a AR-BbBCA |b BIB. AGRONOMIA |h 631.847 |i F218a2 |p 1996/2512 | ||
